000 01059nam0a2200301 4500
001 RU\NLR\BIBL_A\012931560
005 20250624231722.0
010 _a978-5-86471-830-8
_95000
035 _a(NLR Aleph) 012931560
090 _a12676187
_c12676187
100 _a20221107d2019 |||y0rusy50 ca
101 1 _arus
_cger
102 _aRU
105 _ay z 000ay
181 0 _ai
_baxxe
182 0 _an
200 1 _aBella Германия
_eроман
_fДаниэль Шпек
_gперевод с немецкого Ольги Боченковой
_gпод редакцией Игоря Алюкова
203 _aТекст
_bвизуальный
_cнепосредственный
210 _aМосква
_cPhantom Press
_d2019
215 _a574, [1] с.
_d22
333 _a16+
686 1 _aШ6(4Ф)07-440.4{Лх1359.2-50}
700 1 _7ca
_8rus
_aШпек
_bД.
_f1969-
_gДаниэль
_9234453
_3RU\NLR\AUTH\770234509
942 _cBOOK
980 _aNB